[Event "Basel Swiss YM"]
[Site "Basel"]
[Date "2024.04.01"]
[Round "3"]
[White "Fecker, Noah"]
[Black "Asllani, Dorian"]
[Result "1-0"]
[WhiteElo "2394"]
[BlackElo "2110"]
[PlyCount "161"]
[EventDate "2024.03.30"]
[EventType "tourn"]
[EventRounds "9"]
[EventCountry "SUI"]
[EventCategory "4"]
[SourceTitle "CB15_2024"]
[SourceDate "2024.04.10"]
[SourceVersion "1"]
[SourceVersionDate "2024.04.10"]
[SourceQuality "1"]

1. e4 c5 2. Nf3 Nc6 3. d4 cxd4 4. Nxd4 Qb6 5. Nb3 Nf6 6. Nc3 e6 7. Be3 Qc7 8. a3 a6 9. f4 d6 10. Be2 Be7 11. 0-0 0-0 12. Qe1 b5 13. Bf3 Rb8 14. Qf2 b4 15. axb4 Nxb4 16. Rfd1 d5 17. e5 Nd7 18. Nd4 Nc6 19. Nxc6 Qxc6 20. Ra2 Kh8 21. Bd4 f6 22. exf6 Nxf6 23. Kh1 Bd6 24. Qd2 Qc7 25. Ne2 e5 26. fxe5 Bxe5 27. Bxe5 Qxe5 28. Qd4 Qd6 29. c3 Bf5 30. b4 Qc6 31. Ng3 Bg6 32. Re2 Rbc8 33. Re3 Rfd8 34. Ne2 Qa4 35. Nf4 Bf7 36. Re7 Kg8 37. Rde1 Re8 38. Rxe8+ Rxe8 39. Rxe8+ Qxe8 40. Nd3 Qb5 41. h3 a5 42. bxa5 Qxa5 43. Ne5 Be6 44. Kh2 Qc7 45. Kg1 Qb8 46. Nd3 Qb5 47. Nf4 Bf7 48. Qb4 Qe8 49. Kf2 Qe5 50. Nd3 Qc7 51. Ke3 Qh2 52. Qe7 Qg1+ 53. Ke2 h6 54. Ne5 Bh5 55. Qe6+ Kh8 56. Bxh5 Qxg2+ 57. Kd1 Qh1+ 58. Kc2 Qe4+ 59. Kb2 Nxh5 60. Qe8+ Kh7 61. Qxh5 g6 62. Nxg6 Qxg6 63. Qxd5 Qb6+ 64. Kc2 Qf2+ 65. Qd2 Qf7 66. Qd3+ Kg7 67. c4 Qf4 68. Kb3 Qb8+ 69. Kc3 Qa8 70. c5 Qa3+ 71. Kd4 Qa4+ 72. Ke3 Kf7 73. Qf5+ Ke7 74. Qe4+ Qxe4+ 75. Kxe4 Ke6 76. h4 h5 77. Kf4 Kd5 78. Kg5 Kxc5 79. Kxh5 Kd6 80. Kg6 Ke7 81. Kg7 1-0

[Event "World ol U16"]
[Site "Eindhoven"]
[Date "2023.08.17"]
[Round "7.13"]
[White "Asllani, Dorian"]
[Black "Kiladze, Luka"]
[Result "0-1"]
[WhiteElo "2226"]
[BlackElo "2030"]
[PlyCount "110"]
[EventDate "2023.08.13"]
[EventType "team-swiss"]
[EventRounds "9"]
[EventCountry "NED"]
[SourceTitle "CBM 215 Extra"]
[Source "ChessBase"]
[SourceDate "2023.09.30"]
[SourceVersion "1"]
[SourceVersionDate "2023.09.30"]
[SourceQuality "1"]
[WhiteTeam "Switzerland"]
[BlackTeam "Georgia"]
[WhiteTeamCountry "SUI"]
[BlackTeamCountry "GEO"]

1. d4 Nf6 2. c4 e6 3. Nc3 Bb4 4. Qc2 b6 5. e4 c5 6. d5 Qe7 7. Nge2 exd5 8. exd5 0-0 9. Bg5 h6 10. Bh4 d6 11. 0-0-0 a6 12. a3 Ba5 13. h3 Bd7 14. Ng1 b5 15. Bd3 g5 16. Bg3 b4 17. axb4 cxb4 18. Nce2 Re8 19. Nd4 Ra7 20. Ngf3 b3 21. Qxb3 Rc8 22. Qa3 Qd8 23. Nc2 Bb6 24. Bxd6 Ne8 25. Be7 Qc7 26. Rd2 a5 27. Re1 Na6 28. h4 Bc5 29. Bxc5 Nxc5 30. hxg5 Rb7 31. Nfd4 hxg5 32. Rh1 Rcb8 33. Rh5 Rb3 34. Rxg5+ Ng7 35. Nxb3 Rxb3 36. d6 Nxd3+ 37. Kb1 Qb6 38. Rxd3 Rxa3 39. Rxa3 f6 40. Rd5 Qxf2 41. Rc3 Ne6 42. Rxa5 Nc5 43. Ra7 Na4 44. Re3 Qg1+ 45. Ka2 Qc1 46. Rg3+ Kf8 47. Rb3 Nc5 48. Rb8+ Kf7 49. Na3 Ke6 50. Ra5 Kxd6 51. Rb6+ Kc7 52. Rxf6 Nd3 53. Nb5+ Bxb5 54. Rxb5 Qxc4+ 55. Rb3 Nc1+ 0-1

[Event "World ol U16"]
[Site "Eindhoven"]
[Date "2023.08.14"]
[Round "2.2"]
[White "Asllani, Dorian"]
[Black "Xue, Haowen"]
[Result "0-1"]
[WhiteElo "2226"]
[BlackElo "2455"]
[PlyCount "96"]
[EventDate "2023.08.13"]
[EventType "team-swiss"]
[EventRounds "9"]
[EventCountry "NED"]
[SourceTitle "CBM 215 Extra"]
[Source "ChessBase"]
[SourceDate "2023.09.30"]
[SourceVersion "1"]
[SourceVersionDate "2023.09.30"]
[SourceQuality "1"]
[WhiteTeam "Switzerland"]
[BlackTeam "China"]
[WhiteTeamCountry "SUI"]
[BlackTeamCountry "CHN"]

1. d4 Nf6 2. c4 e6 3. Nc3 d5 4. Nf3 Nbd7 5. e3 a6 6. a4 Bb4 7. Bd3 dxc4 8. Bxc4 b6 9. 0-0 Bb7 10. Qe2 0-0 11. Rd1 Qe7 12. Bd2 c5 13. Rac1 Rfd8 14. Be1 cxd4 15. exd4 Nf8 16. Ne5 Ng6 17. Nxg6 hxg6 18. f3 Nd5 19. Nxd5 Bxd5 20. Bf2 Bxc4 21. Qxc4 Rd5 22. Qc6 Qd8 23. Qb7 Rd7 24. Qc6 Rb8 25. Qc4 a5 26. Qc6 Rd5 27. Qc2 Bd6 28. Qe2 Qd7 29. Rc4 b5 30. axb5 Rdxb5 31. Rd2 Qb7 32. Rcc2 Bb4 33. Rd1 Bd6 34. Rdd2 Rd8 35. Qe4 Qb8 36. g3 Bb4 37. Rd1 Be7 38. Rdd2 Bg5 39. Re2 Bf6 40. Red2 Rb4 41. g4 g5 42. h4 gxh4 43. f4 g6 44. Rc5 Rxb2 45. g5 Rxd2 46. gxf6 Qb2 47. Qe1 h3 48. Rg5 h2+ 0-1

[Event "Biel HTO 56th"]
[Site "Biel"]
[Date "2023.07.20"]
[Round "4"]
[White "Vantika, Agrawal"]
[Black "Asllani, Dorian"]
[Result "1-0"]
[WhiteElo "2428"]
[BlackElo "2272"]
[PlyCount "71"]
[EventDate "2023.07.17"]
[EventType "swiss"]
[EventRounds "10"]
[EventCountry "SUI"]
[SourceTitle "CBM 215 Extra"]
[Source "ChessBase"]
[SourceDate "2023.09.30"]
[SourceVersion "1"]
[SourceVersionDate "2023.09.30"]
[SourceQuality "1"]

1. e4 c5 2. Nf3 Nc6 3. Bb5 g6 4. Bxc6 dxc6 5. d3 Bg7 6. h3 e5 7. 0-0 f6 8. Be3 b6 9. a4 a5 10. c3 Ba6 11. Qb3 Bxd3 12. Rd1 c4 13. Qa2 f5 14. Na3 fxe4 15. Ne1 Qd5 16. Bxb6 Ne7 17. Nxd3 cxd3 18. Nc4 0-0 19. Nxa5 e3 20. fxe3 Ra6 21. Nxc6 Kh8 22. Nxe7 Qe4 23. Qd5 Qh4 24. Bc5 Raf6 25. Qxd3 Rf2 26. Nxg6+ hxg6 27. Bxf8 Bxf8 28. Rf1 e4 29. Qd7 Rxf1+ 30. Rxf1 Bh6 31. Qd4+ Kg8 32. Kh1 Bg7 33. Qd5+ Kh8 34. Qf7 g5 35. Rd1 g4 36. Qe8+ 1-0

[Event "Bern op"]
[Site "Bern"]
[Date "2023.05.20"]
[Round "6"]
[White "Mattenberger, Matthias"]
[Black "Asllani, Dorian"]
[Result "0-1"]
[WhiteElo "2289"]
[BlackElo "2267"]
[PlyCount "70"]
[EventDate "2023.05.18"]
[EventType "swiss"]
[EventRounds "7"]
[EventCountry "SUI"]
[SourceTitle "CBM 214 Extra"]
[Source "ChessBase"]
[SourceDate "2023.07.31"]
[SourceVersion "1"]
[SourceVersionDate "2023.07.31"]
[SourceQuality "1"]

1. d4 d5 2. c4 e6 3. Nc3 Nf6 4. cxd5 exd5 5. Bg5 Nbd7 6. e3 c6 7. Bd3 Be7 8. Qc2 0-0 9. Nge2 Re8 10. 0-0 h6 11. Bh4 Ne4 12. Bxe7 Qxe7 13. Bxe4 dxe4 14. Rfd1 Nf6 15. d5 Bd7 16. dxc6 Bxc6 17. Rd4 Rac8 18. Qb3 Rc7 19. a4 Qe5 20. h3 Nd7 21. a5 Nc5 22. Qa3 Nd3 23. b4 a6 24. Qb3 Re6 25. Rf1 Rg6 26. Nd5 Bxd5 27. Rxd5 Qf6 28. Rd4 Qg5 29. g3 Re7 30. Kh2 Ne5 31. Rd8+ Kh7 32. Nf4 Rc6 33. Qd5 Nf3+ 34. Kg2 Re5 35. Qxf7 Qxd8 0-1

[Event "Bern op"]
[Site "Bern"]
[Date "2023.05.18"]
[Round "1"]
[White "Asllani, Dorian"]
[Black "Fernandes Barbosa, Gabriel"]
[Result "1-0"]
[WhiteElo "2267"]
[BlackElo "1877"]
[PlyCount "43"]
[EventDate "2023.05.18"]
[EventType "swiss"]
[EventRounds "7"]
[EventCountry "SUI"]
[SourceTitle "CBM 214 Extra"]
[Source "ChessBase"]
[SourceDate "2023.07.31"]
[SourceVersion "1"]
[SourceVersionDate "2023.07.31"]
[SourceQuality "1"]

1. d4 d5 2. c4 e6 3. Nc3 Nf6 4. Nf3 Be7 5. e3 c6 6. Bd3 Nbd7 7. 0-0 0-0 8. e4 dxe4 9. Nxe4 Nxe4 10. Bxe4 Nf6 11. Bc2 h6 12. Qd3 b6 13. Ne5 Bb7 14. Re1 c5 15. d5 exd5 16. Ng4 Ne4 17. cxd5 f5 18. Rxe4 fxe4 19. Qxe4 Re8 20. Nxh6+ Kf8 21. Qh7 Bf6 22. Qg8+ 1-0

[Event "Basel Swiss YM"]
[Site "Basel"]
[Date "2023.04.14"]
[Round "8"]
[White "Hasenohr, Benedict"]
[Black "Asllani, Dorian"]
[Result "1/2-1/2"]
[WhiteElo "2309"]
[BlackElo "2293"]
[PlyCount "118"]
[EventDate "2023.04.07"]
[EventType "tourn"]
[EventRounds "9"]
[EventCountry "SUI"]
[EventCategory "6"]
[SourceTitle "CBM 213 Extra"]
[Source "ChessBase"]
[SourceDate "2023.05.31"]
[SourceVersion "1"]
[SourceVersionDate "2023.05.31"]
[SourceQuality "1"]

1. d4 d5 2. c4 e6 3. Nc3 Nf6 4. cxd5 exd5 5. Bg5 Nbd7 6. e3 c6 7. Bd3 Be7 8. Nge2 0-0 9. 0-0 Re8 10. f3 b5 11. Rc1 Bb7 12. Kh1 a5 13. Ng3 Nh5 14. Nf5 Bxg5 15. f4 Bf6 16. Qxh5 Nf8 17. e4 Bxd4 18. e5 g6 19. Qg4 Bc8 20. Nh6+ Kg7 21. f5 Bxe5 22. Nxf7 Qf6 23. Nxe5 Rxe5 24. Ne2 Bxf5 25. Qd4 Ne6 26. Qb6 Qd8 27. Qb7+ Qc7 28. Qxa8 Bxd3 29. Rxc6 Qe7 30. Rb6 Nc5 31. Rbf6 Rxe2 32. Rf7+ Qxf7 33. Rxf7+ Kxf7 34. Qxd5+ Ne6 35. Qf3+ Ke7 36. h4 Re1+ 37. Kh2 Be4 38. Qf2 Rd1 39. Qa7+ Rd7 40. Qxa5 Bc6 41. Qc3 Rd6 42. b3 Kf7 43. Qc1 h5 44. Qc2 Be8 45. Qf2+ Ke7 46. a4 bxa4 47. Qa7+ Bd7 48. bxa4 Rd4 49. a5 Rxh4+ 50. Kg1 Rb4 51. a6 Kd6 52. Qe3 Ra4 53. a7 Bc6 54. Qd3+ Bd5 55. Qxg6 Rxa7 56. Qxh5 Ra1+ 57. Kh2 Bxg2 58. Qb5 Bd5 59. Qb4+ Kd7 1/2-1/2

[Event "Basel Swiss YM"]
[Site "Basel"]
[Date "2023.04.08"]
[Round "2"]
[White "Asllani, Dorian"]
[Black "Peng, Li Min"]
[Result "1/2-1/2"]
[WhiteElo "2293"]
[BlackElo "2549"]
[PlyCount "60"]
[EventDate "2023.04.07"]
[EventType "tourn"]
[EventRounds "9"]
[EventCountry "SUI"]
[EventCategory "6"]
[SourceTitle "CBM 213 Extra"]
[Source "ChessBase"]
[SourceDate "2023.05.31"]
[SourceVersion "1"]
[SourceVersionDate "2023.05.31"]
[SourceQuality "1"]

1. d4 Nf6 2. c4 e6 3. Nc3 Bb4 4. Qc2 b6 5. e4 c5 6. d5 Qe7 7. Nge2 exd5 8. exd5 d6 9. Bg5 h6 10. Bh4 g5 11. Bg3 h5 12. h4 Ne4 13. 0-0-0 Bxc3 14. Nxc3 Nxg3 15. fxg3 Nd7 16. Bd3 Ne5 17. Rde1 gxh4 18. gxh4 Bg4 19. Bf5 Kd8 20. Bxg4 hxg4 21. Qf5 a6 22. Kb1 Rxh4 23. Rxh4 Qxh4 24. Rxe5 dxe5 25. Qxf7 Qe7 26. Qg8+ Qe8 27. Qg7 Kc8 28. a4 Qd7 29. Qf6 Kb7 30. a5 Qc7 1/2-1/2

[Event "Wch U20 59th"]
[Site "Cala Gonone"]
[Date "2022.10.22"]
[Round "11"]
[White "Asllani, Dorian"]
[Black "Carlo, Emanuele"]
[Result "0-1"]
[WhiteElo "2202"]
[BlackElo "2306"]
[PlyCount "102"]
[EventDate "2022.10.12"]
[EventType "swiss"]
[EventRounds "11"]
[EventCountry "ITA"]
[SourceTitle "CBM 210 Extra"]
[Source "ChessBase"]
[SourceDate "2022.11.30"]
[SourceVersion "1"]
[SourceVersionDate "2022.11.30"]
[SourceQuality "1"]

1. d4 d5 2. c4 e6 3. Nc3 c6 4. e3 Nf6 5. Nf3 Nbd7 6. Bd3 dxc4 7. Bxc4 b5 8. Bd3 Bd6 9. 0-0 0-0 10. Qc2 Bb7 11. e4 e5 12. dxe5 Nxe5 13. Nxe5 Bxe5 14. h3 a6 15. Be3 Rc8 16. Bc5 Re8 17. Rad1 Qc7 18. Ne2 Nd7 19. b4 Nxc5 20. bxc5 Qe7 21. f4 Bb8 22. e5 g6 23. Ng3 f5 24. Bxf5 gxf5 25. Nxf5 Qe6 26. Ng3 Kh8 27. Qf2 Rg8 28. Rfe1 Rcf8 29. Re4 Qg6 30. Kh2 Bc8 31. Qe3 Be6 32. Rf1 h5 33. f5 Rxf5 34. Rxf5 Bxf5 35. Rh4 Qxg3+ 36. Qxg3 Rxg3 37. Rxh5+ Kg7 38. Kxg3 Bxe5+ 39. Kf3 Kf6 40. h4 Be6 41. Rh6+ Kf7 42. h5 Bg7 43. Rg6 b4 44. Ke2 a5 45. Kd2 a4 46. a3 bxa3 47. Kc1 a2 48. Rxg7+ Kxg7 49. Kb2 Kh6 50. g4 Bxg4 51. Kxa2 Kxh5 0-1

[Event "Wch U20 59th"]
[Site "Cala Gonone"]
[Date "2022.10.12"]
[Round "1"]
[White "Asllani, Dorian"]
[Black "Nogerbek, Kazybek"]
[Result "0-1"]
[WhiteElo "2202"]
[BlackElo "2467"]
[PlyCount "108"]
[EventDate "2022.10.12"]
[EventType "swiss"]
[EventRounds "11"]
[EventCountry "ITA"]
[SourceTitle "CBM 210 Extra"]
[Source "ChessBase"]
[SourceDate "2022.11.30"]
[SourceVersion "1"]
[SourceVersionDate "2022.11.30"]
[SourceQuality "1"]

1. d4 d6 2. c4 e5 3. d5 a5 4. e4 Na6 5. Nc3 g6 6. Bd3 Nc5 7. Bc2 h5 8. Be3 Bh6 9. Bxc5 dxc5 10. Ba4+ Kf8 11. Qd3 Nf6 12. Nf3 Qe7 13. Rd1 Ra6 14. 0-0 Kg7 15. Nd2 h4 16. Ne2 Nh5 17. Qc3 Rf6 18. Rde1 Bg4 19. f3 Bc8 20. Rf2 Nf4 21. Nb3 b6 22. Nbc1 Nxe2+ 23. Nxe2 Kg8 24. Ref1 Bg7 25. Qd3 Rd6 26. Nc3 Bh6 27. Kh1 Bf4 28. Kg1 Qg5 29. Ne2 Be3 30. Kh1 Bxf2 31. Rxf2 f5 32. f4 fxe4 33. Qxe4 exf4 34. Rxf4 Bf5 35. Qf3 Kg7 36. Nc3 Qe7 37. h3 Qe1+ 38. Kh2 Qe5 39. Kh1 Rf6 40. Qf2 g5 41. Rf3 Bg6 42. Qe3 Qxe3 43. Rxe3 Rhf8 44. Re5 Rf1+ 45. Kh2 Rc1 46. Re7+ Rf7 47. Rxf7+ Bxf7 48. Bb3 Be8 49. a4 Kf6 50. g3 Ke5 51. Kg2 Bg6 52. gxh4 gxh4 53. Kf3 Rg1 54. Ne2 Be4+ 0-1

[Event "Wch U16"]
[Site "Mamaia"]
[Date "2022.09.11"]
[Round "6"]
[White "Karolczuk, Iwo"]
[Black "Asllani, Dorian"]
[Result "1-0"]
[WhiteElo "2338"]
[BlackElo "2203"]
[PlyCount "53"]
[EventDate "2022.09.06"]
[EventType "swiss"]
[EventRounds "11"]
[EventCountry "ROU"]
[SourceTitle "CBM 210 Extra"]
[Source "ChessBase"]
[SourceDate "2022.11.30"]
[SourceVersion "1"]
[SourceVersionDate "2022.11.30"]
[SourceQuality "1"]

1. e4 c5 2. Nc3 Nc6 3. Bb5 Nd4 4. Bc4 g6 5. Nf3 Bg7 6. Nxd4 cxd4 7. Qf3 Nf6 8. e5 dxc3 9. dxc3 Qc7 10. exf6 Bxf6 11. Bb3 0-0 12. Bf4 Qc6 13. Bd5 Qb5 14. 0-0-0 Bg7 15. h4 a5 16. h5 e6 17. Be4 d5 18. Bd3 Qa4 19. Bd6 Rd8 20. Be7 Rd7 21. Bf6 Bh6+ 22. Kb1 Qf4 23. Qxf4 Bxf4 24. Rh4 e5 25. Rxf4 exf4 26. Re1 Kf8 27. h6 1-0

[Event "Wch U16"]
[Site "Mamaia"]
[Date "2022.09.09"]
[Round "4"]
[White "Ohanyan, Emin"]
[Black "Asllani, Dorian"]
[Result "1-0"]
[WhiteElo "2395"]
[BlackElo "2203"]
[PlyCount "93"]
[EventDate "2022.09.06"]
[EventType "swiss"]
[EventRounds "11"]
[EventCountry "ROU"]
[SourceTitle "CBM 210 Extra"]
[Source "ChessBase"]
[SourceDate "2022.11.30"]
[SourceVersion "1"]
[SourceVersionDate "2022.11.30"]
[SourceQuality "1"]

1. d4 d5 2. c4 e6 3. Nf3 Nf6 4. Nc3 c6 5. Bg5 Nbd7 6. e3 Qa5 7. Nd2 dxc4 8. Bxf6 Nxf6 9. Nxc4 Qc7 10. Rc1 Be7 11. g3 0-0 12. Bg2 Rd8 13. 0-0 c5 14. Qb3 Bd7 15. Qxb7 Qxb7 16. Bxb7 Rab8 17. Bf3 cxd4 18. exd4 Rdc8 19. b3 Bc6 20. Bxc6 Rxc6 21. Rfd1 Ra6 22. Rc2 Bb4 23. Na4 Nd5 24. Ne3 Ne7 25. d5 Rd8 26. Rc4 Ba3 27. dxe6 Rxd1+ 28. Nxd1 Rxe6 29. Ne3 Rc6 30. Rd4 Rd6 31. Re4 Re6 32. Rxe6 fxe6 33. Nc4 Bc1 34. Nc5 Kf7 35. f4 Nd5 36. Kf2 Nb4 37. Ke2 Nxa2 38. Kd1 g5 39. Nd3 gxf4 40. gxf4 Bxf4 41. Nxf4 Kf6 42. Kd2 Nb4 43. Kc3 Na2+ 44. Kd4 Nc1 45. b4 Nb3+ 46. Kc3 a5 47. Nxa5 1-0

[Event "Wch U16"]
[Site "Mamaia"]
[Date "2022.09.08"]
[Round "3"]
[White "Asllani, Dorian"]
[Black "Koutlas, Nikolaos"]
[Result "1-0"]
[WhiteElo "2203"]
[BlackElo "2316"]
[PlyCount "85"]
[EventDate "2022.09.06"]
[EventType "swiss"]
[EventRounds "11"]
[EventCountry "ROU"]
[SourceTitle "CBM 210 Extra"]
[Source "ChessBase"]
[SourceDate "2022.11.30"]
[SourceVersion "1"]
[SourceVersionDate "2022.11.30"]
[SourceQuality "1"]

1. d4 Nf6 2. c4 g6 3. Nc3 Bg7 4. e4 d6 5. f4 c5 6. d5 0-0 7. Nf3 e6 8. Be2 exd5 9. cxd5 Nbd7 10. 0-0 Re8 11. Qc2 a6 12. a4 Qc7 13. Nd2 Rb8 14. Kh1 c4 15. Nxc4 b5 16. axb5 axb5 17. Nxd6 Qxd6 18. e5 Qc7 19. d6 Qc6 20. Bf3 Qc4 21. Be2 Qc6 22. Bf3 Qc4 23. Be2 Qc5 24. Qd3 Ng4 25. Ne4 Ngxe5 26. fxe5 Qxe5 27. Ng3 Nc5 28. Qf3 Qe6 29. Ra7 Bb7 30. Qf2 Nb3 31. Be3 f5 32. Bb6 Qxd6 33. Bxb5 Rec8 34. Be3 Bxg2+ 35. Qxg2 Rxb5 36. Nxf5 Rxf5 37. Rxf5 Kh8 38. Rff7 Rg8 39. Rad7 Qe5 40. Bh6 Qe8 41. Ra7 Qe6 42. Bxg7+ Rxg7 43. Qa8+ 1-0

[Event "Wch U16"]
[Site "Mamaia"]
[Date "2022.09.07"]
[Round "2"]
[White "Asllani, Dorian"]
[Black "Droin, Augustin"]
[Result "1/2-1/2"]
[WhiteElo "2203"]
[BlackElo "2408"]
[PlyCount "98"]
[EventDate "2022.09.06"]
[EventType "swiss"]
[EventRounds "11"]
[EventCountry "ROU"]
[SourceTitle "CBM 210 Extra"]
[Source "ChessBase"]
[SourceDate "2022.11.30"]
[SourceVersion "1"]
[SourceVersionDate "2022.11.30"]
[SourceQuality "1"]

1. d4 Nf6 2. c4 e6 3. Nc3 Bb4 4. Qc2 b6 5. e4 c5 6. e5 cxd4 7. a3 Bxc3+ 8. bxc3 Ng8 9. Qe4 Nc6 10. cxd4 f5 11. Qd3 Nge7 12. Nf3 Ba6 13. Bd2 0-0 14. Qb3 Ng6 15. h4 h5 16. Be2 Rb8 17. Rc1 Re8 18. a4 d6 19. Qe3 dxe5 20. dxe5 Bb7 21. Bc3 Qc7 22. Qg5 Nce7 23. 0-0 Rbd8 24. Bb4 Nh8 25. Qxh5 Bxf3 26. Bxf3 Nf7 27. Bd6 Nxd6 28. exd6 Qxd6 29. Rcd1 Qf4 30. Rfe1 g6 31. Qg5 Qxg5 32. hxg5 Rxd1 33. Rxd1 Rc8 34. Rd7 Kf8 35. Rxa7 Rxc4 36. Ra6 Kf7 37. Ra7 Rc5 38. Rb7 Rc4 39. Ra7 Kf8 40. Ra8+ Rc8 41. Ra6 Rb8 42. a5 Nc8 43. axb6 Nxb6 44. g3 Ke7 45. Ra7+ Nd7 46. Bc6 Rd8 47. f4 Kd6 48. Bxd7 Rxd7 49. Ra8 Ke7 1/2-1/2

[Event "Biel HTO 55th"]
[Site "Biel"]
[Date "2022.07.15"]
[Round "3"]
[White "Asllani, Dorian"]
[Black "Gurel, Ediz"]
[Result "0-1"]
[WhiteElo "2220"]
[BlackElo "2435"]
[PlyCount "74"]
[EventDate "2022.07.13"]
[EventType "swiss"]
[EventRounds "9"]
[EventCountry "SUI"]
[SourceTitle "CBM 209 Extra"]
[Source "ChessBase"]
[SourceDate "2022.09.30"]
[SourceVersion "1"]
[SourceVersionDate "2022.09.30"]
[SourceQuality "1"]

1. d4 d6 2. c4 e5 3. d5 f5 4. Nc3 Nf6 5. Bg5 Be7 6. Bxf6 Bxf6 7. e4 0-0 8. Bd3 Na6 9. a3 Nc5 10. Bc2 a5 11. b4 Na6 12. Qb1 f4 13. h3 Qe8 14. Bd1 h5 15. Bf3 Bd7 16. b5 Nc5 17. Qd1 g6 18. Na4 Nxa4 19. Qxa4 c6 20. dxc6 bxc6 21. b6 d5 22. c5 Kg7 23. Rb1 g5 24. Qd1 Rh8 25. Kf1 Rd8 26. b7 Rb8 27. exd5 e4 28. Be2 cxd5 29. Qxd5 Bc6 30. Qf5 Rf8 31. h4 g4 32. Bxg4 hxg4 33. h5 Bb5+ 34. Ne2 f3 35. gxf3 exf3 36. Qxg4+ Kh8 37. Qxf3 Bd4 0-1

[Event "Biel HTO 55th"]
[Site "Biel"]
[Date "2022.07.13"]
[Round "1"]
[White "Asllani, Dorian"]
[Black "Aryan, Chopra"]
[Result "0-1"]
[WhiteElo "2220"]
[BlackElo "2610"]
[PlyCount "55"]
[EventDate "2022.07.13"]
[EventType "swiss"]
[EventRounds "9"]
[EventCountry "SUI"]
[SourceTitle "CBM 209 Extra"]
[Source "ChessBase"]
[SourceDate "2022.09.30"]
[SourceVersion "1"]
[SourceVersionDate "2022.09.30"]
[SourceQuality "1"]

1. d4 Nf6 2. c4 g6 3. Nc3 Bg7 4. e4 d6 5. f4 c5 6. d5 0-0 7. Nf3 e6 8. Be2 exd5 9. cxd5 Nbd7 10. 0-0 Re8 11. Qc2 a6 12. a4 Qc7 13. Nd2 Rb8 14. a5 b5 15. axb6 Nxb6 16. Nc4 Nxc4 17. Bxc4 Rb4 18. Bd3 Qe7 19. Bd2 c4 20. Be2 Nxe4 21. Nxe4 Rxb2 22. Qxc4 Qxe4 23. Qxe4 Rxe4 24. Bf3 Rxd2 25. Bxe4 Bd4+ 26. Kh1 Bxa1 27. Rxa1 Rd4 28. Bf3 0-1

[Event "SUI-ch U20"]
[Site "Flims"]
[Date "2021.07.14"]
[Round "5"]
[White "Schlegel, Igor"]
[Black "Asllani, Dorian"]
[Result "1-0"]
[WhiteElo "2049"]
[BlackElo "1970"]
[PlyCount "85"]
[EventDate "2021.07.10"]
[EventType "tourn"]
[EventRounds "7"]
[EventCountry "SUI"]
[SourceTitle "EXT 2022"]
[Source "ChessBase"]
[SourceDate "2021.10.06"]
[SourceVersion "1"]
[SourceVersionDate "2021.10.06"]
[SourceQuality "1"]

1. e4 c5 2. Nf3 Nc6 3. d4 cxd4 4. Nxd4 g6 5. Nc3 Bg7 6. Be3 Nf6 7. Bc4 0-0 8. Bb3 a5 9. 0-0 a4 10. Nxa4 Nxe4 11. Nb5 d5 12. Bb6 Qd7 13. c3 Ne5 14. Nc7 Rxa4 15. Bxa4 Qd6 16. Ba5 Nc4 17. Qxd5 Qxd5 18. Nxd5 Nxa5 19. Nxe7+ Kh8 20. Nxc8 Rxc8 21. Rfe1 Nd6 22. Rad1 Ndc4 23. Re2 Bf6 24. Bb5 Rc5 25. a4 Nb3 26. Rd7 Kg7 27. Rxb7 Nc1 28. Rc2 Nd3 29. b4 Re5 30. Rxf7+ Kg8 31. g3 Re1+ 32. Kg2 Re4 33. Kf3 Re6 34. Bxc4 Ne5+ 35. Kg2 Nxc4 36. Rc7 Nb6 37. a5 Nd5 38. Rc5 Rd6 39. a6 Nxc3 40. a7 Rd8 41. R2xc3 Bxc3 42. Rxc3 Ra8 43. Rc7 1-0

[Event "SUI-ch U20"]
[Site "Flims"]
[Date "2021.07.12"]
[Round "3"]
[White "Angst, Oliver"]
[Black "Asllani, Dorian"]
[Result "1-0"]
[WhiteElo "2145"]
[BlackElo "1970"]
[PlyCount "75"]
[EventDate "2021.07.10"]
[EventType "tourn"]
[EventRounds "7"]
[EventCountry "SUI"]
[SourceTitle "EXT 2022"]
[Source "ChessBase"]
[SourceDate "2021.10.06"]
[SourceVersion "1"]
[SourceVersionDate "2021.10.06"]
[SourceQuality "1"]

1. e4 c5 2. Nf3 Nc6 3. d4 cxd4 4. Nxd4 g6 5. c4 Bg7 6. Be3 Nf6 7. Nc3 0-0 8. Be2 d6 9. f3 Nh5 10. g4 Bxd4 11. Bxd4 Nxd4 12. Qxd4 e5 13. Qe3 Nf4 14. 0-0-0 Be6 15. b3 Qa5 16. Kb2 Rfd8 17. Rd2 a6 18. a3 b5 19. b4 Qc7 20. cxb5 Rdc8 21. b6 Qc6 22. b5 Qb7 23. Rxd6 axb5 24. Bxb5 Qe7 25. Rhd1 Bd5 26. Nxd5 Qxd6 27. b7 Rcb8 28. bxa8Q Rxa8 29. Qb3 Qc5 30. Nxf4 exf4 31. a4 Qf2+ 32. Ka3 Rc8 33. Bc4 Qc5+ 34. Qb4 Qe5 35. Bb3 h5 36. gxh5 g5 37. Qd4 Qe7+ 38. Ka2 1-0

[Event "EU-ch Online U14"]
[Site "Tornelo INT"]
[Date "2020.09.20"]
[Round "8"]
[White "Bilovil, Bogdan"]
[Black "Asllani, Dorian"]
[Result "1-0"]
[WhiteElo "2078"]
[BlackElo "1969"]
[PlyCount "105"]
[EventDate "2020.09.18"]
[EventType "swiss (rapid)"]
[EventRounds "9"]
[EventCountry "NET"]
[SourceTitle "EXT 2023"]
[Source "ChessBase"]
[SourceDate "2022.10.05"]
[SourceVersion "1"]
[SourceVersionDate "2022.10.05"]
[SourceQuality "1"]
[WhiteTeam "Ukraine"]
[BlackTeam "Schweiz"]
[WhiteTeamCountry "UKR"]
[BlackTeamCountry "SUI"]

1. c4 e6 2. Nf3 d5 3. g3 Nf6 4. Bg2 c6 5. 0-0 Nbd7 6. b3 Be7 7. Bb2 0-0 8. d3 b6 9. Nbd2 Bb7 10. Qc2 c5 11. e3 Rc8 12. Rac1 h6 13. Qb1 Qc7 14. Qa1 Rfd8 15. Rfd1 Qb8 16. cxd5 Bxd5 17. e4 Bb7 18. a4 a6 19. Nc4 b5 20. Nce5 Nxe5 21. Nxe5 Qa8 22. h3 Rb8 23. Kh1 Rd6 24. Rxc5 bxa4 25. Qxa4 Nxe4 26. Rc2 Ng5 27. f4 Nf3 28. Nc4 Rxd3 29. Rxd3 Ne1 30. Rdd2 Bxg2+ 31. Rxg2 Nxc2 32. Qa5 Rxb3 33. Kh2 Nb4 34. Qc7 Nd5 35. Qd7 Qd8 36. Qa4 Rb4 37. Qa2 Qc8 38. Ne5 Ne3 39. Re2 Re4 40. Ba1 Qc1 41. Qxa6 Qf1 42. Ra2 Qxa6 43. Rxa6 Bf6 44. Kg1 Nc4 45. Ra4 Re1+ 46. Kf2 Nxe5 47. Kxe1 Nd3+ 48. Kd2 Nf2 49. Bxf6 gxf6 50. Ke2 Nxh3 51. Ra1 e5 52. Rh1 exf4 53. Rxh3 1-0